Advertising layout (Record no. 45965)
[ view plain ]
| 000 -LEADER | |
|---|---|
| fixed length control field | 01046cgm a2200217 a 4500 |
| 001 - CONTROL NUMBER | |
| control field | vtls003031709 |
| 003 - CONTROL NUMBER IDENTIFIER | |
| control field | MY-SjTCS |
| 005 - DATE AND TIME OF LATEST TRANSACTION | |
| control field | 20200306163840.0 |
| 008 - FIXED-LENGTH DATA ELEMENTS--GENERAL INFORMATION | |
| fixed length control field | 061108s1993 flu040 s00 v|eng d |
| 039 #9 - LEVEL OF BIBLIOGRAPHIC CONTROL AND CODING DETAIL [OBSOLETE] | |
| -- | 200611081611 |
| -- | pushpa |
| 082 04 - DEWEY DECIMAL CLASSIFICATION NUMBER | |
| Classification number | 659.13 |
| Item number | ADV |
| 245 00 - TITLE STATEMENT | |
| Title | Advertising layout |
| Medium | [videorecording] |
| 260 ## - PUBLICATION, DISTRIBUTION, ETC. | |
| Place of publication, distribution, etc. | Sunrise, Fla. : |
| Name of publisher, distributor, etc. | D. E. Visuals, |
| Date of publication, distribution, etc. | c1993. |
| 300 ## - PHYSICAL DESCRIPTION | |
| Extent | 2 videodiscs (DVD) (40 min.) : |
| Other physical details | sd., col. ; |
| Dimensions | 4 3/4 in. |
| 500 ## - GENERAL NOTE | |
| General note | Durations: pt. 1, 20 mins; pt. 2, 20 mins. |
| 520 ## - SUMMARY, ETC. | |
| Summary, etc. | Pt. 1 Discusses space allocation and uses of illustration, headline, copy, and logo. Includes demonstrations of basic art layout and mechanics. -- Pt. 2. Discusses proportion, design components, arrangement formats, visual direction, and visual organization. Includes examples of advertising formats and visual attention techniques. |
| 650 #0 - SUBJECT ADDED ENTRY--TOPICAL TERM | |
| Topical term or geographic name entry element | Advertising layout and typography. |
| 9 (RLIN) | 25198 |
| 650 #0 - SUBJECT ADDED ENTRY--TOPICAL TERM | |
| Topical term or geographic name entry element | Advertising |
| General subdivision | Psychological aspects. |
| 9 (RLIN) | 28329 |
| 710 2# - ADDED ENTRY--CORPORATE NAME | |
| Corporate name or jurisdiction name as entry element | D.E. Visuals (Firm) |
| 9 (RLIN) | 240704 |
| 920 ## - Programme | |
| Programme | MCS(USM): DVD200003, DVD200004 |
| Withdrawn status | Lost status | Source of classification or shelving scheme | Damaged status | Not for loan | Home library | Current library | Date acquired | Serial Enumeration / chronology | Total Checkouts | Barcode | Date last seen | Date last checked out | Copy number | Koha item type | Public note |
|---|---|---|---|---|---|---|---|---|---|---|---|---|---|---|---|
| Dewey Decimal Classification | Taylor's Library-TU | Taylor's Library-TU | 08/11/2006 | Videodisc : Part 2 of 2 | 2 | 1001004832 | 05/12/2019 | 20/04/2010 | 1 | Media Resources | SOMAC,37000,02,GR | ||||
| Withdrawn | Dewey Decimal Classification | Taylor's Library-TU | Taylor's Library-TU | 08/11/2006 | Videodisc : Part 1 of 2 | 2 | 1001004831 | 05/12/2019 | 20/04/2010 | 1 | Media Resources | SOMAC,37000,02,GR |